000 00305nam a22001337a 4500
008 171023b xxu||||| |||| 00| 0 eng d
020 _a999437141-X
041 _aalb
080 _a338
100 _a54
101 _aMIS
245 _aSISTEMET E INFORMACIONIT TE MENAXHIMIT
_cRUSETI,B
942 _2udc
_cBK
999 _c35380
_d35380